| 000 | 01089nac a22003251u 4500 | ||
|---|---|---|---|
| 003 | EG-ScBUE | ||
| 005 | 20220807103131.0 | ||
| 008 | 200219s2003 enka f 000 0 eng d | ||
| 020 | _a1405002689 | ||
| 020 | _a9781405002684 | ||
| 040 |
_aEG-ScBUE _beng _erda _cEG-ScBUE _dEG-ScBUE |
||
| 082 | 0 | 4 |
_a428.24 _bKAY _222 |
| 100 |
_aKay, Sue, _eauthor. |
||
| 245 | 1 | 0 |
_aAmerican inside out : _bUpper Intermediate, _pStudent`s book / _cSue Kay, Vaughan Jones, with Jon Hird, Philip Kerr. |
| 250 | _aAmerican edition. | ||
| 264 | 1 |
_aOxford : _bMacmillan Education, _c2003. |
|
| 300 |
_a96 pages : _billustrations ; _c25 cm |
||
| 336 |
_2rdacontent _atext _btxt |
||
| 337 |
_2rdamedia _aunmediated _bn |
||
| 338 |
_2rdacarrier _avolume _bnc |
||
| 500 | _aDistributer: Al-Ahram. | ||
| 650 | 7 |
_aEnglish language _vTextbooks for foreign speakers. _2BUEsh |
|
| 651 | _2BUEsh | ||
| 653 | _bHHUUEENN | ||
| 655 |
_vReading book _934232 |
||
| 700 | 1 |
_aJones, Vaughan, _eauthor. |
|
| 700 | 1 |
_aHird, Jon, _eauthor. _934681 |
|
| 700 | 1 |
_aKerr, Philip, _eauthor. _939410 |
|
| 942 |
_cBB _2ddc |
||
| 999 |
_c7354 _d7354 |
||